LEADER 01335nam a2200337 u 4500 001 000000041785 003 CaOOAMICUS 005 20070226114243.0 008 990212s1973 it u000 u ita u 035 $a10813990 040 $aPUL(R)$bita 041 1 $aita$hger 245 00$aDibattito su "La chiesa" di Hans Küng /$ca cura di Hermann H?aring e Josef Nolte ; traduzione di Silvano Fausti. 260 $aBrescia :$bQueriniana,$c1973. 300 $a388 p. ;$c20 cm 490 1 $aGiornale di teologia ;$v68 500 $aInclude indici. 504 $aBibliografia a pič pagina. 600 14$aKüng, Hans,$d1928-$xTeologia.$0(OLS)http://pul/subject/18762 650 4$aChiesa.$0(OLS)http://pul/subject/2116 700 1 $aHäring, Hermann,$d1937-$0(OLS)http://pul/name/30754 700 1 $aNolte, Josef,$d1940-$0(OLS)http://pul/name/30755 700 1 $aFausti, Silvano,$cS.I.$0(OLS)http://pul/name/16851 830 0$aGiornale di teologia ;$v68.$0(OLS)http://pul/title/9027 850 $aPUL 852 $aPUL$W1$xSL Religione 3$y85$m200 GDT 1.68$j56555$nBK-PRI$qDDC 21$B56555$CPULBib$Z2$F56555 $82 941 1 $a9 961 $aINV: 40823 983 0$aGdT. 996 $6245$aDibattito su "La chiesa" di Hans Küng$9(OLS)http://pul/title/56387 996 $6260$aBrescia :$bQueriniana$9(OLS)http://pul/publisher/47906 LEADER 01082nam a2200277 u 4500 001 000000049484 003 CaOOAMICUS 005 20070226115121.0 008 000703s1980 enk u000 u eng u 035 $a10851494 040 $aPUL(R)$bita 130 0 $aRotoli del Mar Morto.$lInglese.$0(OLS)http://pul/title/21087 245 14$aThe Dead Sea scrolls in English /$cG. Vermes. 250 $a2nd ed. 260 $aHarmondsworth :$bPenguin,$c1981. 300 $a281 p. ;$c18 cm 490 1 $aPenguin book 630 04$aManoscritti del Mar Morto$xStudio.$0(OLS)http://pul/subject/20815 700 1 $aVermčs, Géza,$d1924-$0(OLS)http://pul/name/7508 830 0$aPenguin book.$0(OLS)http://pul/title/66721 850 $aPUL 852 $aPUL$W1$xDP1 Fondo Ciprotti$y59$m1532 G 36$j65746$nBK-PRI$b $qFondi$B65746$CPULBib$Z2$F65746 $H $81 941 1 $a1 961 $aINV: 0220. Fondo Ciprotti 996 $6245$aThe Dead Sea scrolls in English$9(OLS)http://pul/title/66720 996 $6260$aHarmondsworth :$bPenguin$9(OLS)http://pul/publisher/49645